Widok standardowy
Widok MARC
Pozycja Topical Term
Liczba rekordów, w których użyto hasła: 1
001 - Numer kontrolny
- control field: 39049
003 - Identyfikator numeru kontrolnego
- control field: NUKAT
005 - Data i czas ostatniej modyfikacji
- control field: 20260327115127.0
008 - Dane kontrolne kodowane (40 znaków)
- fixed length control field: 980917i||a|znnbabn |a ana |c
010 ## - Numer kontrolny Biblioteki Kongresu
- numer kontrolny LC: s 98057004
040 ## - Instytucja sporządzająca rekord
- inst. przygot. dane do rek. khw: KR U/MB
- język haseł przedmiotowych/tezaurus: kaba
- inst. wprow. rek. khw: WA U/EP
- inst. modyf. rek. khw: WA U/LsJ
- inst. modyf. rek. khw: WA U/EDP
083 #4 - DEWEY DECIMAL CLASSIFICATION NUMBER
- pojed. symbol lub pocz. z zakr. symboli: 200
- określenie wyjaśniające: Religia
150 ## - Hasło - nazwa pospolita
- nazwa posp. lub nazwa geogr. na pocz.: Ultramontanizm.
450 ## - Trop zob. - nazwa pospolita
- nazwa posp. lub nazwa geogr. na pocz.: Ultramontanisme [f]
450 ## - Trop zob. - nazwa pospolita
- nazwa posp. lub nazwa geogr. na pocz.: Ultramontanism [c]
511 2# - Trop zob. też - nazwa imprezy
- nazwa impr. lub nazwa geogr. na pocz.: Sobór Watykański
- numer części/sekcji/imprezy: (1 ;
- data imprezy: 1869-1870).
550 ## - Trop zob. też - nazwa pospolita
- podpole kontrolne: h
- nazwa posp. lub nazwa geogr. na pocz.: Nieomylność papieska.
550 ## - Trop zob. też - nazwa pospolita
- podpole kontrolne: g
- nazwa posp. lub nazwa geogr. na pocz.: Kościół katolicki
- określnik rzeczowy: dyscyplina.
550 ## - Trop zob. też - nazwa pospolita
- nazwa posp. lub nazwa geogr. na pocz.: Liberalizm (religia)
- określnik rzeczowy: Kościół katolicki.
670 ## - Źródło informacji
- źródło informacji: RAMEAU
670 ## - Źródło informacji
- źródło informacji: pl.wikipedia, 26.11.21
- adres internetowy: https://pl.wikipedia.org/wiki/Ultramontanizm
670 ## - Źródło informacji
- źródło informacji: SJP PWN online, 26.11.21
- adres internetowy: https://sjp.pwn.pl/slowniki/ultramontanizm.html